000 00948nam a22002417a 4500
005 20170123164141.0
010 _aB-067127
020 _c160.00
035 _aB-067127
040 _aDPL
_bPN
082 _a858
_b ਅਮਿ੍ਤਾ
100 _aਪ੍ਰੀਤਮ, ਅਮਿ੍ਤਾ
_915510
245 _aਬਲ ਬਲ ਦੀਵੜੀਆ /
_c ਅਮਿ੍ਤਾ ਪ੍ਰੀਤਮ
246 _aBal bal deevadia
_bby Amrita preetam
260 _aਦਿੱਲੀ
_bਸ਼੍ਰੀ ਪ੍ਰਕਾਸ਼ਨ
270 _a4/32 , ਸੁਭਾਸ਼ ਗਲੀ, ਵਿਸ਼ਵਾਸ ਨਗਰ , ਸ਼ਾਹਦਰਾ
_bਦਿੱਲੀ
_e110032
300 _a174p.
_b23cm(Hb)
650 _aਪੰਜਾਬੀ- ਅਧਿਆਤਮ
_915511
650 _aਪੰਜਾਬੀ ਸਾਹਿਤ
_9779
650 _aPunjabi spirituality
_97454
650 _aPunjabi Literature
_9781
942 _2ddc
_cPN
_h858
_m ਅਮਿ੍ਤਾ
999 _c109652
_d109652